Top 5s : Rum, Gin, Whisky and Vodka - Statistics

General Stats
  • This quiz has been taken 455 times
    453 since last reset
  • The average score is 5 of 20
Answer Stats
Hint Answer % Correct
Vodka Smirnoff
71%
Rum Bacardi
63%
Captain Morgan Original Spiced Rum
63%
Absolut
58%
Gin Gordons
47%
Beefeater
34%
Bombay Sapphire
27%
Whisky Johnnie Walker
27%
Tanqueray
27%
Havana Club
22%
Chivas Regal
12%
Grant's
9%
Ballantine's
8%
J&B
8%
Seagrams
7%
Nemiroff
2%
McDowell's No1
1%
Khlebny Dar
0%
Tanduay
0%
Zelenaya Marka
0%
No matching quizzes found
Score Distribution
Percent of People with Each Score
Percentile by Number Answered
Your Score History
You have not taken this quiz since the last reset